| 000 | 00465nam a2200145 4500 | ||
|---|---|---|---|
| 005 | 20260120095532.0 | ||
| 008 | 260120b |||||||| |||| 00| 0 eng d | ||
| 020 | _a9781285072241 | ||
| 100 | _aStair Ralph M. and Reynolds George W | ||
| 245 |
_aPrinciples of Information Systems _c/Ralph M. Stair |
||
| 250 | _a11th ed | ||
| 260 |
_aUnited States of American; _bCourse Technology, Cengage Learning; _c2014. |
||
| 300 |
_axxxv, 716p.; ill. _c27.5cm |
||
| 942 |
_2lcc _n0 _cBK |
||
| 999 |
_c140 _d140 |
||